LEADER 00905nam a2200265 i 4500 001 991002844189707536 005 20020509103919.0 008 970419s1991 it ||| | ita 020 $a8815029206 035 $ab11069909-39ule_inst 035 $aPARLA170231$9ExL 040 $aIstituto di Filosofia$bita 100 1 $aKaempfer, Wolfgang$0186011 245 10$aErnst Junger /$cWolfgang Kaempfer 260 $aBologna :$bIl Mulino,$c1991 300 $a243 p. ;$c21 cm. 490 0 $aUniversale paperbacks Il mulino ;$v249 500 $aTrad. di Mario Piccinini. 650 4$aJunger, Ernst 907 $a.b11069909$b23-02-17$c28-06-02 912 $a991002844189707536 945 $aLE005 Ist.Fil. XVII L 20$g1$i2005000265037$lle005$o-$pE0.00$q-$rl$s- $t0$u1$v0$w1$x0$y.i11198382$z28-06-02 996 $aErnst Jünger$988022 997 $aUNISALENTO 998 $ale005$b01-01-97$cm$da $e-$fita$git $h0$i1 LEADER 01204nam a2200265 4500 001 991003291109707536 008 161021s2016 it 000 0 mul d 020 $a9788870758900 035 $ab14310491-39ule_inst 040 $aBibl. Interfacoltà T. Pellegrino$bita 082 04$a023.2 245 00$aBibliotecari al tempo di Google :$bprofili, competenze, formazione : convegno : Milano, 17-18 marzo 2016 : scenari e tendenze /$c[a cura dell'Associazione Biblioteche oggi] 260 $aMilano :$bEditrice Bibliografica,$c2016 300 $a274 p. :$bill. ;$c30 cm 500 $aContiene le relazioni presentate al convegno 500 $aA cura dell'Associazione Biblioteche Oggi 650 4$aBibliotecari$xProfessione$vCongressi$y2016 710 2 $aAssociazione Biblioteche oggi 711 2 $aConvegno Biblioteche Stelline$c 907 $a.b14310491$b21-10-16$c21-10-16 912 $a991003291109707536 945 $aLE002 Bibl. Ris. 646$g1$i2002001065161$lle002$op$pE15.00$q-$rn$so $t0$u0$v0$w0$x0$y.i15784459$z21-10-16 996 $aBibliotecari al tempo di Google$91395805 997 $aUNISALENTO 998 $ale002$b21-10-16$cm$da $e $fmul$git $h0$i0